Serie A 2025/26 - Statistiken

Allgemein
  • Dieses Quiz wurde 39 mal gespielt
    4 seit der letzten Aktualisierung
  • Das Durchschnittsergebnis liegt bei 13 aus 20
Antwortstatistiken
Mannschaft % Korrekt
AC Mailand
100%
Inter Mailand
100%
Juventus Turin
100%
AC Florenz
67%
AS Rom
67%
Atalanta Bergamo
67%
Cagliari Calcio
67%
CFC Genua
67%
FC Bologna
67%
FC Turin
67%
Hellas Verona
67%
Lazio Rom
67%
Pisa SC
67%
SSC Neapel
67%
Udinese Calcio
67%
US Lecce
67%
US Sassuolo Calcio
67%
Como 1907
33%
Parma Calcio 1913
33%
US Cremonese
0%
Keine übereinstimmenden Quizze gefunden
Verteilung der Resultate
Anzahl Personen mit jedem Resultat
Perzentil nach korrekt beantworteten Fragen
Ihre Resultats-Entwicklung
Sie haben dieses Quiz seit der letzten Aktualisierung nicht gespielt